|
|
|
|
| LEADER |
00714nab#a2200265#ar4500 |
| 001 |
000028792 |
| 003 |
SVKKK |
| 005 |
00000000000000.0 |
| 008 |
c xo e sloo |
| FMT |
|
|
|
| 038 |
|
|
|a SVKKK
|
| 040 |
|
|
|a SVKKK
|b slo
|e AACR2
|
| 041 |
0 |
|
|a slo
|
| 044 |
|
|
|a xo
|c SK
|
| 080 |
|
|
|a 669(091
|2 1981
|
| 245 |
0 |
0 |
|a Návraty ku koreňom :
|b Riadky z kroniky
|
| 650 |
0 |
4 |
|a Kovohuty, Istebné
|x r. 1950
|x vznik
|x prevádzky
|x výstavba
|x Široká (závod)
|x história do r. 1970
|x informácie
|
| 773 |
0 |
|
|t Oravský hutník
|g Roč. 41, č. 18-19(1993), dát. 0823, s. 6
|
| 957 |
|
|
|a Istebné
|
| 958 |
|
|
|a NP
|
| 974 |
|
|
|d 941013
|a Šá/413
|
| 992 |
|
|
|a RBX
|
| BAS |
|
|
|
| 852 |
|
|
|a SVKKK
|b BIB
|
| 998 |
|
|
|a HUT
|